000 00966 a2200193 4500
003 Nust
005 20221117092439.0
020 _a0029465494
040 _cNust
082 _a621.3692,ZAN
100 1 _aZanger, Henry
_9102752
245 _aFiber optics :
_bcommunication and other applications /
_cZanger Henry & Cynthia Zanger
260 _aMacmillan
_bNew York
_c1991
300 _a326 p.
505 _aIntroduction to Fiber Optics (Page-1), Physics of Light (Page-11), Principles of Fiber Optics (Page-41), Fiber Characteristics (Page-55), Optical Fibers (Page-71), Principles of Fiber Optic Communication (Page-87), Modulation and Multiplexing (Page-105), Fiber Optic Components (Page-123), Optical Sources for Communication (Page-169), Optical Detectors (Page-217), Fiber Optic Communication System (Page-247), Applications (Page-281).
650 _aFiber optics communication and other application
_9102753
700 _4Zanger, Cynthia
942 _2ddc
_cBK
999 _c181110
_d181110